000 01279nam a2200289 a 4500
001 ebr10502114
003 CaPaEBR
006 m u
007 cr cn|||||||||
008 111111s2011 enka sb 001 0 eng d
020 _z9781849682862
020 _z9781849682879 (e-book)
040 _aCaPaEBR
_cCaPaEBR
035 _a(OCoLC)761326714
050 1 4 _aQA76.76.A65
_bK75 2011eb
100 1 _aKrishnaswamy, Jayaram.
245 1 0 _aMicrosoft Visual Studio LightSwitch business application development
_h[electronic resource] :
_ba jump-start guide to application development with Microsoft's Visual Studio LightSwitch /
_cJayaram Krishnaswamy.
260 _aBirmingham :
_bPackt Enterprise,
_c2011.
300 _av, 365 p. :
_bill. (some col.)
504 _aIncludes bibliographical references and index.
533 _aElectronic reproduction.
_bPalo Alto, Calif. :
_cebrary,
_d2011.
_nAvailable via World Wide Web.
_nAccess may be limited to ebrary affiliated libraries.
630 0 0 _aMicrosoft Visual studio.
650 0 _aApplication software
_xDevelopment.
655 7 _aElectronic books.
_2local
710 2 _aebrary, Inc.
856 4 0 _uhttp://site.ebrary.com/lib/rucke/Doc?id=10502114
_zAn electronic book accessible through the World Wide Web; click to view
999 _c131875
_d131875